Deutsche Adelsfamilien nach Vertreter - Statistiken

Allgemein
  • Dieses Quiz wurde 53 mal gespielt
    52 seit der letzten Aktualisierung
  • Das Durchschnittsergebnis liegt bei 5 aus 10
Antwortstatistiken
Bildquiz Antwort % Korrekt
Haus Hohenzollern
88%
Haus Wittelsbach / Haus Bayern
79%
Haus Sachsen-Coburg und Gotha und Gotha
75%
Haus Hannover
73%
Haus Baden
54%
Haus Schleswig-Holstein-Sonderburg-Glücksburg
50%
Haus Fugger
38%
Haus Hessen
33%
Haus Thurn und Taxis
19%
Haus Waldeck
17%
Keine übereinstimmenden Quizze gefunden
Verteilung der Resultate
Anzahl Personen mit jedem Resultat
Perzentil nach korrekt beantworteten Fragen
Ihre Resultats-Entwicklung
Sie haben dieses Quiz seit der letzten Aktualisierung nicht gespielt